| 000 | 00333nam a22001457a 4500 | ||
|---|---|---|---|
| 003 | SGT | ||
| 020 | _a978-93-5270-040-0 | ||
| 082 |
_a615 _bP17U |
||
| 100 | _aUDAYKUMAR, PADMAJA | ||
| 245 | _aPHARMACOLOGY FOR PHYSIOTHERAPY STUDENTS | ||
| 250 | _a3RD | ||
| 260 |
_aINDIA _bJAYPEE PUB. _c2017 |
||
| 300 | _a280 | ||
| 942 |
_2ddc _cBK _0362 |
||
| 999 |
_c16977 _d16977 |
||